Enigmes de scrabbleux - Statistiques

Statistiques générales
  • Ce quiz a été pris 73 fois
    62 depuis la dernière actualisation
  • Le résultat moyen est 4 sur 15
Statistiques - réponses
Énigme Réponse % Correct
2 Mot avec un Y pour seule voyelle Dry / Gym / Lys / Psy / Lynx / Thym / Flysch 7
59%
10 Seul mot de la langue française comprenant un Ù 1
53%
11 Mot de sept lettres pour se débarrasser de quatre E et d'un X Excédée / Exécrée / Exégèse / Exégète / Exercée / Exérèse / Télexée 7
41%
3 (Anatomie) Mot masculin se terminant par 'ETTE' Squelette 1
41%
5 Mot avec 4 occurrences de la lettre L Libellule / Villanelle / Millefeuille / Intellectuelle 4
31%
7 Mot ayant 'MINI' pour suffixe Catimini / Brouillamini / Embrouillamini 3
25%
14 Plus long palindrome de la langue française Ressasser 1
22%
9 Mot commençant par un Y et faisant le son [O] sans ladite lettre Yacht 1
22%
13 Mot ne rimant avec aucun autre Quatorze / Belge / Meurtre / Triomphe / Quinze / Simple / Pauvre / Goinfre / Monstre / Dogme / Humble 11
20%
1 Mot dans lequel un R est en deuxième position après un Q Piqûre 1
12%
6 Mot comprenant les lettres J, K et L Kandjlar / Kilojoule 2
8%
4 Mot de 14 lettres comprenant la suite 'FETA' Superfétatoire 1
8%
8 Mot comprenant la suite 'THAU' Zénithaux / Thaumaturge / Thaumaturgie / Thaumaturgique 4
8%
12 Nom commun commençant par B et comportant toutes les lettres de 'SCRABBLE' Bibliothécaires 1
6%
15 Mot comprenant les lettres 'PAS SI FACILE' Parafiscalités 1
2%
Aucun quiz correspondant
Distribution des résultats
% des personnes avec chaque résultat
Percentile par nombre de réponses
Votre historique - résultats
Vous n’avez pas pris ce quiz depuis la dernière actualisation